| 000 | 00378nam a2200133Ia 4500 | ||
|---|---|---|---|
| 005 | 20260328104325.0 | ||
| 008 | 260328s9999||||xx |||||||||||||| ||und|| | ||
| 100 | _aBarrow, John D. | ||
| 245 | 0 |
_a100 Essentintial things You didn´t know you didn´t know about. MATH THE ARTS / _cJohn D. Barrow |
|
| 260 | _bNorton | ||
| 300 | _a301 p. | ||
| 650 | _aMATEMÁTICAS | ||
| 942 | _cBK | ||
| 999 |
_c11473 _d11473 |
||